Libre échange 1. Pracovní sešit /

Saved in:
Bibliographic Details
Main Authors: Salins, G.-D (Author), Courtillon, J (Author), Guyot-Clément, Ch (Author)
Format: Book
Language:French
Published: Plzeň : Fraus, 1997
Edition:1. vyd.
Tags: Add Tag
No Tags, Be the first to tag this record!

MARC

LEADER 00000nam a22000003a 4500
001 stu33039
005 20150617225733.4
008 971106s1997----xr------------------fre-d
020 |a 80-85784-44-0 
040 |a STU  |b slo 
041 0 |a fre 
044 |a xr 
100 1 |a Salins, G.-D  |4 aut 
245 1 |a Libre échange 1. Pracovní sešit /  |c [aut.] Salins,G.-D.; Courtillon,J.; Guyot-Clément,Ch 
250 |a 1. vyd. 
260 |a Plzeň :  |b Fraus,  |c 1997 
300 |a 241 s 
700 1 |a Courtillon, J  |4 aut 
700 1 |a Guyot-Clément, Ch  |4 aut 
996 |b J93214  |c J*93214  |l JJK2  |s P  |a 0  |w stu33039_0001